Mémoire sur l'histoire du Nil /
Main Author:
Format: Book
Language: French
Series:
Mémoires présentés à l'Institut égyptien ;
tome 8-10.
Subjects:
Tags: Add Tag
Call Number: DT43 .I625 1925 v.8-10
| LEADER | 01225namaa2200289 4500 | ||
|---|---|---|---|
| 001 | 18847 | ||
| 003 | OSt | ||
| 005 | 20260317121131.0 | ||
| 008 | 130303s1925 ua bef g 000 0 fre d | ||
| 010 | |a 26002192 | ||
| 043 | |a f-ua--- | ||
| 050 | |a DT43 |b .I625 1925 v.8-10 | ||
| 100 | 1 | |6 880-01 |a Ṭūsūn, ʻUmar, |c Prince, |d 1872-1944, |e author. |9 41355 | |
| 245 | 1 | 0 | |a Mémoire sur l'histoire du Nil / |c Par Omar Toussoun. |
| 264 | 1 | |a Le Caire : |b Imprint de l'Institut français d'archéologie orientale, |c 1925. | |
| 300 | |a 3 volumes : |b maps (some folded), plans ; |c 28 cm. | ||
| 336 | |a text |b txt |2 rdacontent | ||
| 337 | |a unmediated |b n |2 rdamedia | ||
| 338 | |a volume |b nc |2 rdacarrier | ||
| 490 | 1 | |a Mémoires présentés à l'Institut égyptien ; |v tome 8-10 | |
| 555 | |a wafaa.lib. | ||
| 651 | 0 | |a Nile river |x History. | |
| 830 | 0 | |a Mémoires présentés à l'Institut égyptien ; |v tome 8-10. | |
| 880 | 1 | |6 100-01/(3/r |a طوسون، عمر، |c الأمير، |d 1872-1944. | |
| 901 | |a reviewed | ||
| 942 | |c BK |2 lcc | ||
| 999 | |c 20224 |d 20224 | ||
